00878 a2200157 4500003000500000005001700005040000900022082001500031100002400046245003700070260004300107300002400150505050400174600002400678650001800702Nust20230201115827.0 cNust a808.83,LON aLaurie-Long, Ernest aBuoyed cables / cE.Laurie-Long, aWard Lock & Co., LimitedbLondonc1941 a320 pbillusc18 cm aAloysious (Page-7), Game (Page-18), A Juvenile in Crime (Page-28), Butcher Boy (Page-44), Conduct Sheet (Page-59) Maisie (Page-86), Virtue Not Rewarded (Page-97), D Turret (Page-112), Correspondence (Page-121), After Three Years (Page-131), A Snap Shot (Page-152), Gunner Mate (Page-170), Tradition (Page-183), Only the Best (Page-197), The Tanker (Page-226), In Convoy (Page-249), Gunnery (Page-263), Service Ways (Page-279), Curacao (Page-285), Evolution (Page-295), Four Months Lather (Page-311). aLaurie-Long, Ernest aBuoyed cables